000 01010nam a2200289 i 4500
001 bg
003 BPK
005 20200908102456.0
008 030106s2002 pl a f f |001 0 pol
015 _aPB 2003/3340
020 _a8320427517
040 _aWA N
_cBPK
041 0 _apol
080 _a621.9-2
080 _a(075.8)
100 1 _aFeld, Mieczysław
_d(1924-2012)
_eAutor
245 1 0 _aUchwyty obróbkowe /
_cMieczysław Feld.
260 _aWarszawa :
_bWydawnictwa Naukowo-Techniczne,
_c2002.
300 _a442, [2] s. :
_bil. ;
_c24 cm.
504 _aBibliogr. Wykaz norm. Indeks.
521 8 _aDla studentów kierunków technologicznych, a także dla konstruktorów i technologów pracujących w przemyśle.
655 4 _aPodręczniki akademickie
650 4 _aUchwyty obróbkowe
710 2 _aWydawnictwa Naukowo-Techniczne
_4pbl.
856 _uhttp://koha.tu.koszalin.pl/cgi-bin/koha/opac-detail.pl?biblionumber=42259
_yKatalog online BPK
942 _2UKD
_cKS
999 _c42259
_d42259